000 01029nam a22003017a 4500
001 BR7803144
003 BR-BrBNA
005 20230928085611.0
007 ta
008 230509b bl.||||| |||| 00| 0 por d
040 _aBR-BrBNA
_bpor
_cBiblioteca Nacional de Agricultura
041 _a(Por)
072 _aF00; E30
_b0430
_b/G514
090 _ 0430 BR7803144
110 1 _aSecretaria da Agricultura, Teresina, PI (Brasil);
_98533
110 1 _aSuperintendencia do Desenvolvimento do Nordeste, Recife, PE (Brasil). Depto. de Agricultura e Abastecimento
245 1 _aProjeto: desenvolvimento da cultura algodoeira no estado. Relatorio tecnico final de execucao, anos 1975/76/77 [algodao, Gossypium spp; Piaui, Brasil]
260 3 _aTeresina, PI (Brasil):
_c1977.
300 _a32 p.
500 _aNumerical data
650 _aPRODUCAO VEGETAL
650 _aDESENVOLVIMENTO AGRICOLA
650 _aALGODAO
650 _aPROJETO AGRICOLA
650 _aPIAUI
909 _a202309
_bLucia
_c55
_dLucia Elande
942 _cBK
999 _c25312
_d25312